| 000 | 00510nam a2200205Ia 4500 | ||
|---|---|---|---|
| 005 | 20260429111947.0 | ||
| 008 | 260429s9999||||xx |||||||||||||| ||und|| | ||
| 020 | _a9789352607112 | ||
| 041 | _aEnglish | ||
| 082 |
_a333.7923 _bSUK |
||
| 100 | _aSukhatme, Suhas P. | ||
| 245 | 0 |
_aSolar energy / _cSuhas P. Sukhatme |
|
| 250 | _a4th ed. | ||
| 260 |
_aIndia : _bMcGraw Hill, _c2018. |
||
| 300 | _aix, 525 p.; pbk | ||
| 650 | _a Solar energy | ||
| 650 | _aEnergy | ||
| 700 | _a Nayak, J.K. | ||
| 942 | _cTB | ||
| 999 |
_c51629 _d51629 |
||